,,Miasto" po angielsku - Statystyki

Ogólne statystyki
  • Ten quiz został rozwiązany 168 razy
  • Średni wynik to 2 z 8
Statystyki odpowiedzi
Angielska nazwa % Poprawnych
City
100%
Town
84%
Borough
11%
Metropolis
8%
Municipality
8%
Burgh
6%
Civic Government
6%
Country Town
2%
Nie znaleziono quizów pasujących do podanych kryteriów
Rozkład punktacji
Procent ludzi z każdym wynikiem
Percentyl według liczby udzielonych odpowiedzi
Twoja historia wyników
Nie rozwiązałeś tego quizu